000 00401nam a2200133Ia 4500
008 151001s9999||||xx |||||||||||||| ||und||
100 _aआपटे गुरुजी
245 _aस्वराज्यमार्गदर्शक लोकमान्य टिळक
250 _a4
260 _bके भि ढवळे
260 _c1956
300 _a208
365 _b18
999 _c967517
_d967514